| 000 | 01251nam a2200301 i 4500 | ||
|---|---|---|---|
| 003 | EG-ScBUE | ||
| 005 | 20231030114414.0 | ||
| 008 | 110821s1983 ua af b | 000 0 bara d | ||
| 017 | _a1983 / 3041 | ||
| 020 | _a977011788 | ||
| 040 |
_aEG-ScBUE _bara _erda _cEG-ScBUE _dEG-ScBUE |
||
| 082 | 0 | 4 |
_222 _a181.07092 _bم د ك |
| 100 | 1 |
_920703 _aمدكور، إبراهيم، _eمؤلف. |
|
| 245 | 1 | 2 |
_aالكتاب التذكاري : _bأبو نصر الفارابي في الذكرى الألفية لوفاته 950 م / _cتصدير إبراهيم مدكور. |
| 264 | 1 |
_aالقاهرة : _bالهيئة المصرية العامة للكتاب، _c1983. |
|
| 300 |
_a355 صفحة ؛ _c24 سم. |
||
| 336 |
_2rdacontent _aنص _btxt |
||
| 337 |
_2rdamedia _aبدون وسيط _bn |
||
| 338 |
_2rdacarrier _aمجلد _bnc |
||
| 490 | 0 | _aالمكتبة العربية | |
| 504 | _aيشتمل على إرجاعات ببليوجرافية. | ||
| 600 | 1 | 7 |
_926816 _aالفارابي، محمد بن محمد، _d260-339 هـ. _2BUEsh |
| 650 | 7 |
_9352 _aالفلاسفة المسلمون _vتراجم. _2BUEsh |
|
| 650 | 7 |
_926814 _aالعلماء المسلمون _xتراجم. _2BUEsh |
|
| 653 | _cAugust2011 | ||
| 655 | _vReading book | ||
| 942 |
_2ddc _cBB |
||
| 999 |
_c26077 _d26049 |
||